000
00258 a2200121 4500
001
120270
040
_c
Escola Canadense de Niteroi
245
1
0
_a
Mapa RegiƵes do Brasil de EVA
650
4
_a
Mapa
650
4
_a
Geografia
650
4
_a
Brasil
942
_c
MATP
999
_c
120270
_d
120270